| 000 | 00484cam a22001457a 4500 | ||
|---|---|---|---|
| 008 | 180718b1961 xxu||||| |||| 00| 0 eng d | ||
| 082 | _aDx73 K643n | ||
| 100 | _aKissinger, Henry A. | ||
| 245 |
_aNecessity for choice: prospects of American foreign policy _cby Henry A. Kissinger |
||
| 260 |
_aNew York _bHarper _c1961 |
||
| 300 | _a370p. | ||
| 650 | _aUnited States --Military policy | ||
| 650 | _aUnited States --Foreign relations --1953-1961 | ||
| 650 | _aWorld politics --1955-1965 | ||
| 999 |
_c369418 _d369418 |
||